[Event "33. Senioren LEM Sachsen-Anhalt 50+"]
[Site "Magdeburg, Germany"]
[Date "2025.07.13"]
[Round "7.1"]
[White "Lang, Torsten"]
[Black "Bub, Volker"]
[Result "0-1"]
[WhiteElo "2295"]
[BlackElo "2095"]
[PlyCount "96"]
[EventDate "2025.??.??"]

1. d4 d6 2. Nf3 g6 3. g3 Bg7 4. Bg2 Nf6 5. O-O O-O 6. c4 c6 7. Nc3 Bf5 8. Nh4
Be6 9. d5 cxd5 10. cxd5 Bd7 11. Be3 a5 12. h3 a4 13. Nf3 Qa5 14. a3 Rc8 15. Nd4
Na6 16. Qd2 Rc4 17. Rad1 Rac8 18. Kh2 Nc7 19. Nc2 Nb5 20. Nxb5 Qxd2 21. Rxd2
Rxc2 22. Nc3 Bf5 23. Rxc2 Bxc2 24. Rc1 Bb3 25. Bd2 Nd7 26. e4 Ne5 27. f4 Nc4
28. Nd1 Bxd1 29. Rxd1 Bxb2 30. Bf1 Bxa3 31. Bc1 Bxc1 32. Rxc1 b5 33. Kg1 a3 34.
Kf2 Ra8 35. Bxc4 bxc4 36. Ra1 e5 37. Ra2 f6 38. Ke2 Kf7 39. Kd2 Ke7 40. Kc1 Kd7
41. Kb1 Kc7 42. fxe5 fxe5 43. Rf2 Kb6 44. Ka2 Ra7 45. Rf8 Kc5 46. Rc8+ Kd4 47.
Rc6 c3 48. Rxd6 Rc7 0-1

[Event "33. Senioren LEM Sachsen-Anhalt 50+"]
[Site "Magdeburg, Germany"]
[Date "2025.07.13"]
[Round "7.2"]
[White "Solberg, Joachim"]
[Black "Jensen, Jakob Bjerre"]
[Result "1-0"]
[WhiteElo "2151"]
[BlackElo "2167"]
[PlyCount "41"]
[EventDate "2025.??.??"]

1. e4 c5 2. c3 e6 3. d4 d5 4. e5 Nc6 5. Nf3 Bd7 6. Be2 f6 7. O-O Qc7 8. Re1
fxe5 9. dxe5 Nge7 10. Bd3 h6 11. Be3 c4 12. Bc2 g5 13. Na3 a6 14. b4 Bg7 15.
Bc5 Nxe5 16. Nxe5 Bxe5 17. Rxe5 O-O-O 18. Re1 Nc6 19. b5 axb5 20. Nxb5 Qa5 21.
a4 1-0

[Event "33. Senioren LEM Sachsen-Anhalt 50+"]
[Site "Magdeburg, Germany"]
[Date "2025.07.13"]
[Round "7.3"]
[White "Kiesel, Harald"]
[Black "Zschischang, Marine"]
[Result "1-0"]
[WhiteElo "1976"]
[BlackElo "2080"]
[PlyCount "133"]
[EventDate "2025.??.??"]

1. e4 e6 2. d4 d5 3. Nc3 h6 4. Nf3 Nf6 5. e5 Ne4 6. Bd3 Bb4 7. Bd2 Nxd2 8. Qxd2
c5 9. a3 Qa5 10. O-O Bxc3 11. bxc3 c4 12. Be2 Nd7 13. Nh4 Qd8 14. g3 Nb6 15. f4
g6 16. Nf3 Na4 17. Rfb1 b6 18. h4 Bd7 19. Kg2 b5 20. Rb4 Qe7 21. Rbb1 O-O-O 22.
Rh1 Rdg8 23. Kf2 Be8 24. Qe3 h5 25. Ng5 Bd7 26. Bf3 Kc7 27. Ke2 Rb8 28. Kd2 Bc6
29. Rhb1 Rb6 30. Rh1 Ra6 31. Rhb1 Ra5 32. Rb4 Rb8 33. Rh1 Nb6 34. Ra1 Nd7 35.
Be2 Rb6 36. Ke1 Nb8 37. Qc1 Be8 38. Kf2 Rba6 39. Qb2 Bc6 40. Bf3 Nd7 41. Qc1
Nb8 42. Be2 Be8 43. Qb2 Qd7 44. Qc1 Kc8 45. Qb2 Qb7 46. Qc1 Qb6 47. Kg2 Nc6 48.
Rbb1 Ra4 49. g4 hxg4 50. Bxg4 Kd7 51. Nh7 Kd8 52. Nf6 Ne7 53. h5 gxh5 54. Bxh5
Nf5 55. Kh2 Qa5 56. Qe1 Rb6 57. Nxe8 Kxe8 58. Qg1 Qxc3 59. Qg8+ Kd7 60. Qxf7+
Ne7 61. Qe8+ Kc7 62. Qxe7+ Kb8 63. Rg1 Qd2+ 64. Kh1 Ka8 65. Rg8+ Rb8 66. Rxb8+
Kxb8 67. Rg1 1-0

[Event "33. Senioren LEM Sachsen-Anhalt 50+"]
[Site "Magdeburg, Germany"]
[Date "2025.07.13"]
[Round "7.4"]
[White "Kargoll, Boris"]
[Black "Oppitz, Peter"]
[Result "1-0"]
[WhiteElo "2255"]
[BlackElo "2034"]
[PlyCount "95"]
[EventDate "2025.??.??"]

1. d4 Nf6 2. Nf3 g6 3. c4 Bg7 4. Nc3 O-O 5. Bf4 d6 6. e3 Nbd7 7. Be2 Qe8 8. h3
e5 9. Bh2 Qe7 10. O-O e4 11. Nd2 Re8 12. b4 Nf8 13. Rc1 h5 14. Qb3 Bf5 15. c5
dxc5 16. bxc5 b6 17. Nb5 Ne6 18. cxb6 cxb6 19. Nc7 Nxc7 20. Rxc7 Nd7 21. Bb5
Red8 22. Nc4 Qg5 23. Bf4 Qf6 24. Ne5 Be6 25. Bc4 Nxe5 26. Bxe5 Bxc4 27. Qxc4
Qf5 28. Bxg7 Kxg7 29. f3 Rac8 30. fxe4 Rxc7 31. Qxc7 Qd7 32. Rc1 Qe8 33. e5 Rd7
34. Qc6 Qe7 35. Qf3 Qg5 36. Rc6 h4 37. Qf6+ Qxf6 38. exf6+ Kh6 39. Kf2 g5 40.
Kf3 Rd5 41. Ke4 Ra5 42. Rc2 Kg6 43. Rf2 b5 44. Kd5 Ra3 45. e4 a5 46. e5 Re3 47.
Kd6 b4 48. d5 1-0

[Event "33. Senioren LEM Sachsen-Anhalt 50+"]
[Site "Magdeburg, Germany"]
[Date "2025.07.13"]
[Round "7.5"]
[White "Rabus, Berthold"]
[Black "Hanisch, Klaus"]
[Result "1/2-1/2"]
[WhiteElo "2127"]
[BlackElo "2009"]
[PlyCount "38"]
[EventDate "2025.??.??"]

1. d4 Nf6 2. Nf3 c5 3. c4 cxd4 4. Nxd4 e5 5. Nb5 d5 6. cxd5 Bc5 7. e3 O-O 8.
N5c3 e4 9. Be2 Qe7 10. Nd2 Rd8 11. Qc2 Bf5 12. O-O Nbd7 13. Nc4 Ne5 14. Nxe5
Qxe5 15. Rd1 Bd6 16. g3 Rac8 17. Qa4 a6 18. Bd2 Bc5 19. Rac1 Nxd5 1/2-1/2

[Event "33. Senioren LEM Sachsen-Anhalt 50+"]
[Site "Magdeburg, Germany"]
[Date "2025.07.13"]
[Round "7.6"]
[White "Puschendorf, Steffen"]
[Black "Nielsen, Michael Volstrup"]
[Result "1-0"]
[WhiteElo "2017"]
[BlackElo "1982"]
[PlyCount "63"]
[EventDate "2025.??.??"]

1. d4 Nf6 2. Nf3 d5 3. c4 e6 4. g3 Be7 5. Bg2 Ne4 6. O-O f5 7. Qc2 Nc6 8. a3
Bf6 9. e3 h5 10. b4 h4 11. Bb2 hxg3 12. hxg3 g5 13. Nc3 Qd7 14. Rfd1 Ne7 15.
Ne5 Bxe5 16. dxe5 Nxc3 17. Qxc3 c6 18. Rac1 Ng6 19. f4 gxf4 20. exf4 Ne7 21.
Kf2 Ng6 22. cxd5 cxd5 23. Rh1 Rxh1 24. Bxh1 b6 25. Bf3 Kd8 26. Bh5 Nf8 27. b5
Bb7 28. Qb4 Nh7 29. Bg6 Rc8 30. Rh1 Qc7 31. Rc1 Qg7 32. Qd6+ 1-0

[Event "33. Senioren LEM Sachsen-Anhalt 50+"]
[Site "Magdeburg, Germany"]
[Date "2025.07.13"]
[Round "7.7"]
[White "Koenig, Marco"]
[Black "Dannhauer, Frank"]
[Result "1/2-1/2"]
[WhiteElo "2075"]
[BlackElo "1935"]
[PlyCount "25"]
[EventDate "2025.??.??"]

1. e4 c5 2. Nf3 Nc6 3. d4 cxd4 4. Nxd4 Nf6 5. Nc3 d6 6. Bc4 e6 7. O-O a6 8. Be3
Be7 9. f4 Qc7 10. Be2 Na5 11. Qd3 b5 12. Rfd1 Bb7 13. Bf3 1/2-1/2

[Event "33. Senioren LEM Sachsen-Anhalt 50+"]
[Site "Magdeburg, Germany"]
[Date "2025.07.13"]
[Round "7.8"]
[White "Zschischang, Gunnar"]
[Black "Koenig, Dirk"]
[Result "1/2-1/2"]
[WhiteElo "2066"]
[BlackElo "1974"]
[PlyCount "34"]
[EventDate "2025.??.??"]

1. d4 d5 2. Nc3 c6 3. e4 dxe4 4. Nxe4 Bf5 5. Ng3 Bg6 6. Nf3 Nd7 7. h4 h6 8. Bd3
Bxd3 9. Qxd3 e6 10. Bf4 Ngf6 11. O-O-O Be7 12. Kb1 O-O 13. Ne4 Nxe4 14. Qxe4
Nf6 15. Qe2 Qd5 16. Ne5 Qe4 17. Be3 Nd5 1/2-1/2

[Event "33. Senioren LEM Sachsen-Anhalt 50+"]
[Site "Magdeburg, Germany"]
[Date "2025.07.13"]
[Round "7.9"]
[White "Krannich, Thomas"]
[Black "Kottke, Steffen"]
[Result "1-0"]
[WhiteElo "2063"]
[BlackElo "1888"]
[PlyCount "95"]
[EventDate "2025.??.??"]

1. d4 d5 2. Nf3 Nf6 3. c4 e6 4. g3 c6 5. Bg2 Bd6 6. O-O O-O 7. Nc3 Nbd7 8. Nd2
Be7 9. e4 dxe4 10. Ndxe4 Nxe4 11. Nxe4 Nf6 12. Be3 Nxe4 13. Bxe4 Bf6 14. Qd3 g6
15. Rfd1 Bg7 16. Qc2 f5 17. Bg2 Qc7 18. f4 Bd7 19. Rac1 Rac8 20. b4 Qb6 21. Bf2
Qc7 22. Qb3 Rfd8 23. a4 Be8 24. c5 Bf7 25. Qb1 Rd7 26. Rd3 Rcd8 27. Rcd1 Bf6
28. b5 g5 29. fxg5 Bxg5 30. Qb2 e5 31. d5 Bxd5 32. Bxd5+ Rxd5 33. Rxd5 Rxd5 34.
Rxd5 cxd5 35. Qc2 Be7 36. Qxf5 Bxc5 37. Qe6+ Kg7 38. Qxd5 Bxf2+ 39. Kxf2 Qc2+
40. Kf3 Qf5+ 41. Ke3 b6 42. Qb7+ Kf6 43. Qf3 h5 44. h3 Qxf3+ 45. Kxf3 Kf7 46.
g4 h4 47. Ke4 Kf6 48. Kd5 1-0

[Event "33. Senioren LEM Sachsen-Anhalt 50+"]
[Site "Magdeburg, Germany"]
[Date "2025.07.13"]
[Round "7.10"]
[White "Ackermann, Robert"]
[Black "Ritter, Uwe"]
[Result "0-1"]
[WhiteElo "2004"]
[BlackElo "1895"]
[PlyCount "74"]
[EventDate "2025.??.??"]

1. e4 e5 2. Nf3 Nc6 3. Bc4 Bc5 4. c3 Nf6 5. d4 exd4 6. cxd4 Bb4+ 7. Nc3 Nxe4 8.
O-O Bxc3 9. d5 Bf6 10. Re1 Ne7 11. Rxe4 d6 12. Bg5 Bxg5 13. Nxg5 h6 14. Qe2
hxg5 15. Re1 Be6 16. dxe6 f6 17. Re3 Kf8 18. Rh3 Rxh3 19. gxh3 g6 20. Qf3 Kg7
21. Qxb7 Qc8 22. Qf3 Rb8 23. Bb3 Qb7 24. Qg3 Rh8 25. Qc3 Rh4 26. Bd1 Rf4 27.
Bg4 Qb4 28. Qe3 f5 29. a3 Qd4 30. Qxd4+ Rxd4 31. Bf3 Kf6 32. Re2 Rc4 33. Bb7
Rc5 34. b4 Rc3 35. Kg2 c6 36. Ba8 Nd5 37. Re1 Nf4+ 0-1

[Event "33. Senioren LEM Sachsen-Anhalt 50+"]
[Site "Magdeburg, Germany"]
[Date "2025.07.13"]
[Round "7.11"]
[White "Schroeder, Frank"]
[Black "Junggebauer, Thomas"]
[Result "0-1"]
[WhiteElo "1779"]
[BlackElo "2003"]
[PlyCount "66"]
[EventDate "2025.??.??"]

1. d4 d5 2. Nc3 c6 3. Bf4 Nf6 4. e3 g6 5. Nf3 Bg7 6. Be2 O-O 7. Ne5 Nbd7 8. O-O
a6 9. h4 h5 10. f3 Re8 11. b4 Nf8 12. g4 N6d7 13. gxh5 gxh5 14. Bd3 Nxe5 15.
Bxe5 f6 16. Bh2 e5 17. Kh1 f5 18. dxe5 Bxe5 19. Bxe5 Rxe5 20. Rg1+ Kf7 21. Rg5
Qf6 22. f4 Rxe3 23. Qxh5+ Ke7 24. Nxd5+ cxd5 25. Rag1 Be6 26. Rg7+ Kd6 27. R1g5
Rc8 28. Qd1 Qh6 29. Rxb7 Qxh4+ 30. Kg2 d4 31. Rb6+ Kc7 32. Rxe6 Nxe6 33. Rxf5
Rg8+ 0-1

[Event "33. Senioren LEM Sachsen-Anhalt 50+"]
[Site "Magdeburg, Germany"]
[Date "2025.07.13"]
[Round "7.12"]
[White "Dettmann, Nils"]
[Black "Stierle, Martin"]
[Result "1/2-1/2"]
[WhiteElo "1812"]
[BlackElo "1947"]
[PlyCount "34"]
[EventDate "2025.??.??"]

1. e4 e6 2. d4 d5 3. Nc3 Bb4 4. e5 b6 5. Nf3 Qd7 6. a3 Bxc3+ 7. bxc3 Bb7 8. Be2
Ne7 9. O-O Nbc6 10. a4 f6 11. Re1 O-O-O 12. Bb5 a6 13. Bd3 fxe5 14. Nxe5 Nxe5
15. Rxe5 Nc6 16. Re1 Rde8 17. Bf4 Kb8 1/2-1/2

[Event "33. Senioren LEM Sachsen-Anhalt 50+"]
[Site "Magdeburg, Germany"]
[Date "2025.07.13"]
[Round "7.13"]
[White "Weitz, Andreas"]
[Black "Hencke, Heiko"]
[Result "1-0"]
[WhiteElo "1941"]
[BlackElo "1841"]
[PlyCount "61"]
[EventDate "2025.??.??"]

1. d4 d5 2. c4 e6 3. Nf3 Nf6 4. Nc3 Be7 5. Bf4 a6 6. e3 O-O 7. h3 b6 8. cxd5
Nxd5 9. Nxd5 Qxd5 10. a3 Bd6 11. Bxd6 cxd6 12. Bd3 Bb7 13. O-O Nd7 14. Qe2 e5
15. e4 Qe6 16. d5 Qh6 17. Rac1 Nc5 18. b4 Nxd3 19. Qxd3 Rfc8 20. Qd2 Qg6 21.
Qe3 Rxc1 22. Rxc1 Bc8 23. Kh2 Bd7 24. Rc7 Bb5 25. Nh4 Qf6 26. g3 g6 27. Qxb6
Kg7 28. Kg2 Rd8 29. Qe3 Rf8 30. Qc3 Qd8 31. f4 1-0

[Event "33. Senioren LEM Sachsen-Anhalt 50+"]
[Site "Magdeburg, Germany"]
[Date "2025.07.13"]
[Round "7.17"]
[White "Ahrens, Gunnar"]
[Black "Schiller, Dirk"]
[Result "1-0"]
[WhiteElo "1781"]
[BlackElo "1847"]
[PlyCount "147"]
[EventDate "2025.??.??"]

1. f4 d5 2. Nf3 Nf6 3. e3 c6 4. b3 Bf5 5. Bb2 e6 6. d3 Bg4 7. Be2 Qa5+ 8. Nfd2
Bxe2 9. Qxe2 Nbd7 10. O-O Bc5 11. Kh1 O-O 12. h3 Rae8 13. Nf3 Nh5 14. Kh2 g6
15. g4 Ng7 16. h4 h5 17. Bxg7 hxg4 18. Bxf8 gxf3 19. Rxf3 Bxf8 20. h5 Bg7 21.
d4 gxh5 22. c3 Nf6 23. Qg2 Ng4+ 24. Kg1 f5 25. a4 b5 26. b4 Qa6 27. a5 Kf7 28.
Ra2 Nf6 29. Qh3 Rh8 30. Rg2 Qc8 31. Rfg3 Ng4 32. Nd2 Qg8 33. Nf3 Ke7 34. Nh2
Kf8 35. Kf1 Qf7 36. Ke2 Qe7 37. Nf3 Bf6 38. Qh1 Qc7 39. Rh3 Qf7 40. Nh4 a6 41.
Qb1 Qh7 42. Nf3 Qe7 43. Rg1 Qg7 44. Rgh1 Qg6 45. Qe1 Qf7 46. Kd2 Qg6 47. Qe2
Qf7 48. Nh2 Kg8 49. Qe1 Qg6 50. Rg1 Kf8 51. Nf3 Qg7 52. Rgh1 Qg6 53. Qg3 Qe8
54. Ke2 Qg6 55. Rg1 Kg8 56. Rhh1 Kf8 57. Qh3 Kg8 58. Rg3 Qe8 59. Rhg1 Kf8 60.
Qh1 Qg6 61. Nh2 Kg8 62. Rh3 Qf7 63. Nf3 Qg6 64. Nd2 Qe8 65. Nf1 Kf8 66. Ng3 h4
67. Nf1 Qh5 68. Qf3 Qf7 69. Nh2 Nh6 70. Qf2 Qh5+ 71. Kd2 Kf7 72. Nf3 Ng4 73.
Qe1 Kf8 74. Rgh1 1-0

[Event "33. Senioren LEM Sachsen-Anhalt 50+"]
[Site "Magdeburg, Germany"]
[Date "2025.07.13"]
[Round "7.18"]
[White "Schirmag, Wolfgang"]
[Black "Mitschka, Manfred"]
[Result "1/2-1/2"]
[WhiteElo "1775"]
[BlackElo "1913"]
[PlyCount "50"]
[EventDate "2025.??.??"]

1. Nf3 e6 2. e3 Nf6 3. c4 b6 4. g3 Bb7 5. Bg2 g6 6. O-O Bg7 7. d4 Na6 8. b3 O-O
9. Bb2 d6 10. a3 Rb8 11. Nbd2 Ne4 12. Qc2 Nxd2 13. Qxd2 f5 14. b4 c5 15. b5 Nc7
16. dxc5 Bxb2 17. Qxb2 Bxf3 18. Bxf3 dxc5 19. Qe5 Qe7 20. Rad1 Rbd8 21. Kg2 Kf7
22. Bc6 h6 23. h4 g5 24. hxg5 hxg5 25. Rh1 Kg6 1/2-1/2

[Event "33. Senioren LEM Sachsen-Anhalt 50+"]
[Site "Maritim-Hotel Magdeburg"]
[Date "2015.07.13"]
[Round "7.19"]
[White "Hansen, Jeppe"]
[Black "Hencke, Andrea"]
[Result "1-0"]
[WhiteElo "1834"]
[BlackElo "1779"]
[PlyCount "57"]
[EventDate "2025.07.07"]
[BlackTeam "SK Kaltenkirchen"]

1. e4 c5 2. c3 Nc6 3. d4 cxd4 4. cxd4 e6 5. Nf3 d6 6. Nc3 Nf6 7. Be2 Be7 8. O-O
O-O 9. Be3 Bd7 10. Qd2 a6 11. a3 b5 12. b4 Ng4 13. Bf4 Nf6 14. Rfd1 Qc7 15.
Rac1 Qb7 16. e5 Ne8 17. Bd3 f5 18. d5 Nd8 19. Be2 exd5 20. Nxd5 Be6 21. Nxe7+
Qxe7 22. exd6 Qb7 23. Ne5 Nf6 24. Bf3 Ne4 25. Qb2 h6 26. Rc7 Qb6 27. Be3 Qb8
28. Nc6 Nxc6 29. Qxg7# 1-0

[Event "33. Senioren LEM Sachsen-Anhalt 50+"]
[Site "Maritim-Hotel Magdeburg"]
[Date "2015.07.13"]
[Round "7.20"]
[White "Giesenberg, Angela"]
[Black "Ehrich, Dieter"]
[Result "1-0"]
[WhiteElo "1818"]
[BlackElo "1653"]
[PlyCount "81"]
[EventDate "2025.07.07"]
[WhiteTeam "Schachclub Hansa Dortmund"]
[BlackTeam "PSV Ribnitz-Damgarten"]

1. Nf3 Nf6 2. d3 d5 3. Nbd2 c5 4. g3 Nc6 5. Bg2 g6 6. O-O Bg7 7. c3 O-O 8. e4
Qc7 9. Re1 Ng4 10. exd5 Nce5 11. Nxe5 Nxe5 12. Nc4 Bf5 13. Nxe5 Bxe5 14. Qe2
Bd6 15. Bd2 Rfe8 16. c4 Rad8 17. Be4 Bc8 18. Bc3 e6 19. dxe6 Rxe6 20. Qf3 Be5
21. Bd5 Bxc3 22. bxc3 Rxe1+ 23. Rxe1 Kg7 24. Qe3 b6 25. h4 h5 26. Qf3 Bg4 27.
Qe3 Bc8 28. d4 Qd7 29. Qe5+ f6 30. Qe7+ Qxe7 31. Rxe7+ Kh6 32. Rxa7 Bf5 33. f4
g5 34. Ra8 Rd7 35. Rh8+ Kg7 36. Rb8 Rd6 37. Rb7+ Kg6 38. Bg8 Kh6 39. d5 Bd3 40.
a3 Bxc4 41. f5 1-0

[Event "33. Senioren LEM Sachsen-Anhalt 50+"]
[Site "Maritim-Hotel Magdeburg"]
[Date "2015.07.13"]
[Round "7.21"]
[White "Orschiedt-Eghbali, Anke"]
[Black "Hammel, Juergen"]
[Result "0-1"]
[WhiteElo "1754"]
[BlackElo "1790"]
[PlyCount "90"]
[EventDate "2025.07.07"]
[WhiteTeam "SK Landau"]
[BlackTeam "SC Grunbach"]

1. f4 d5 2. Nf3 Nf6 3. g3 g6 4. Bg2 Bg7 5. O-O c5 6. e3 Nc6 7. d3 O-O 8. Na3 a6
9. c4 e6 10. Qe2 b6 11. Rb1 Rb8 12. b3 Bb7 13. Bb2 Nb4 14. Be5 Rc8 15. Rfd1 Qe7
16. Rb2 Rfd8 17. Rbd2 Ne8 18. Bxg7 Nxg7 19. g4 Rd7 20. Ne5 Rd6 21. Qf2 f6 22.
Nf3 Rf8 23. Qh4 Qc7 24. g5 Nf5 25. Qf2 d4 26. e4 Ne3 27. Re1 Nxg2 28. Qxg2 fxg5
29. Qxg5 Qf7 30. f5 exf5 31. Ne5 Qf6 32. Qxf6 Rfxf6 33. exf5 Rxf5 34. Ng4 Rg5
35. Re8+ Kf7 36. Rde2 Rd7 37. h3 h5 38. R8e5 hxg4 39. Rxg5 gxh3 40. Rf2+ Kg7
41. Rg3 Bg2 42. Re2 Rf7 43. Rgxg2 hxg2 44. Kxg2 Nxd3 45. Nb1 Nf4+ 0-1

[Event "33. Senioren LEM Sachsen-Anhalt 50+"]
[Site "Maritim-Hotel Magdeburg"]
[Date "2015.07.13"]
[Round "7.22"]
[White "Janeke, Thomas"]
[Black "Angott, Juergen"]
[Result "1/2-1/2"]
[WhiteElo "1738"]
[BlackElo "1867"]
[PlyCount "97"]
[EventDate "2025.07.07"]
[WhiteTeam "Sportgemeinschaft Kloetze Sued"]
[BlackTeam "SC Grunbach"]

1. c4 Nf6 2. Nc3 e6 3. g3 Be7 4. Bg2 O-O 5. Nf3 c6 6. O-O d5 7. cxd5 cxd5 8. d4
Nbd7 9. Bf4 a6 10. Rc1 b5 11. Qd3 Nb6 12. b3 Bd6 13. Bxd6 Qxd6 14. Rc2 Bb7 15.
Rfc1 Rac8 16. e3 b4 17. Ne2 Rxc2 18. Rxc2 Rc8 19. Ne5 Rxc2 20. Qxc2 Nbd7 21.
Nd3 a5 22. Bf1 g6 23. Nb2 Nb6 24. Nc1 Qc6 25. Qxc6 Bxc6 26. f3 Nfd7 27. Ba6 Kf8
28. Kf2 Ke7 29. Bd3 Kd6 30. h4 h6 31. Bf1 e5 32. dxe5+ Nxe5 33. Nbd3 Nbd7 34.
Nxe5 Nxe5 35. Nd3 Nxd3+ 36. Bxd3 g5 37. hxg5 hxg5 38. f4 f6 39. Ke2 a4 40. bxa4
Bxa4 41. Kd2 b3 42. axb3 Bxb3 43. Kc3 Bd1 44. Kd4 Bf3 45. e4 dxe4 46. Bxe4 Bxe4
47. Kxe4 gxf4 48. gxf4 Ke6 49. f5+ 1/2-1/2

[Event "33. Senioren LEM Sachsen-Anhalt 50+"]
[Site "Maritim-Hotel Magdeburg"]
[Date "2015.07.13"]
[Round "7.23"]
[White "Klingler, Stefan"]
[Black "Bachmann, Sylvia"]
[Result "1-0"]
[WhiteElo "1754"]
[BlackElo "1721"]
[PlyCount "85"]
[EventDate "2025.07.07"]
[WhiteTeam "SAbt TuS Makkabi Ffm"]
[BlackTeam "SG Einheit Stassfurt"]

1. d4 Nf6 2. b3 g6 3. Bb2 Bg7 4. Nd2 O-O 5. e4 d6 6. Bd3 c5 7. d5 e6 8. c4 exd5
9. cxd5 Re8 10. Kf1 Nbd7 11. Qc2 b6 12. h3 Nh5 13. Ne2 Ne5 14. Bb5 Re7 15. f4
Nd7 16. g4 Nhf6 17. Ng3 a6 18. Bd3 Bb7 19. g5 Ne8 20. h4 b5 21. h5 c4 22. hxg6
fxg6 23. bxc4 bxc4 24. Nxc4 Nc5 25. Rd1 Rc8 26. Bxg7 Rxg7 27. Qd2 Nxd3 28. Qxd3
Rf7 29. Ne2 Qxg5 30. Rg1 Qf6 31. Ne3 Kf8 32. Ke1 h5 33. e5 dxe5 34. Rxg6 Qh4+
35. Kd2 exf4 36. Nf5 Qf2 37. Rdg1 Nf6 38. Nd6 Bxd5 39. Nxc8 Ne4+ 40. Kd1 Ng3
41. Qa3+ Ke8 42. Rg8+ Rf8 43. Qe7# 1-0

[Event "33. Senioren LEM Sachsen-Anhalt 50+"]
[Site "Maritim-Hotel Magdeburg"]
[Date "2015.07.13"]
[Round "7.24"]
[White "Wolter, Kerstin"]
[Black "Vogt, Joerg"]
[Result "1/2-1/2"]
[WhiteElo "1719"]
[BlackElo "1748"]
[PlyCount "35"]
[EventDate "2025.07.07"]
[WhiteTeam "SV Gifhorn"]
[BlackTeam "SC Norbertus Magdeburg"]

1. e4 e6 2. d4 b6 3. Bd3 Bb7 4. Nf3 Nf6 5. Nc3 Bb4 6. e5 Ne4 7. Bd2 Nxd2 8.
Qxd2 h6 9. a3 Be7 10. Be4 c6 11. Nb5 d5 12. exd6 Bxd6 13. Nxd6+ Qxd6 14. Ne5
Nd7 15. f4 Nxe5 16. dxe5 Qc7 17. Qe3 O-O-O 18. O-O 1/2-1/2

[Event "33. Senioren LEM Sachsen-Anhalt 50+"]
[Site "Maritim-Hotel Magdeburg"]
[Date "2015.07.13"]
[Round "7.27"]
[White "Okrajek, Sibylle"]
[Black "Stahl, Lothar"]
[Result "0-1"]
[WhiteElo "1428"]
[BlackElo "1680"]
[PlyCount "47"]
[EventDate "2025.07.07"]
[WhiteTeam "Schachclub 1919 Siegburg"]
[BlackTeam "SC Grunbach"]

1. d4 d5 2. Nf3 e6 3. e3 Be7 4. Bd3 h6 5. O-O Nf6 6. c3 O-O 7. Nbd2 Nc6 8. a3
a6 9. b3 Bd7 10. Bb2 b6 11. Rc1 Bd6 12. h3 e5 13. Bc2 e4 14. Nh4 Nh7 15. g3 Be7
16. Ng2 Bxh3 17. c4 Ng5 18. Re1 Qd7 19. Nf4 Bg4 20. Ne2 Nf3+ 21. Nxf3 Bxf3 22.
Kh2 Qf5 23. Qd2 Qh5+ 24. Kg1 0-1